Normal view
MARC view
- Electronics
Entry Topical Term
001 - CONTROL NUMBER
- control field: 103835
003 - CONTROL NUMBER IDENTIFIER
- control field: NUST
005 - DATE AND TIME OF LATEST TRANSACTION
- control field: 20221130171432.0
008 - FIXED-LENGTH DATA ELEMENTS
- fixed length control field: 221130|| aca||aabn | a|a d
040 ## - CATALOGING SOURCE
- Original cataloging agency: NUST
- Transcribing agency: NUST
150 ## - HEADING--TOPICAL TERM
- Topical term or geographic name entry element: Electronics
670 ## - SOURCE DATA FOUND
- Source citation: Work cat.: (NUST)183617: Buban, Peter. 101185, Technical electricity and electronics /, c1972.
